000 00864nam a2200265Ia 4500
003 OSt
005 20220926033904.0
006 a|||||r|||| 00| 0
007 ta
008 220923b |||||||| |||| 00| 0 eng d
037 _cGeneral Book
040 _aRTL
_cRTL
_beng
041 _2eng
_aeng
082 _aX:89K.2.N7, L8
100 _aSingh R L
245 0 _aSpatial planning in India perspective
_b An approach
260 _aVaranasi
_bNGSI
_c1978
300 _a50p
_ccm.
490 _aNational Geographical Society of India Research Bulletin, 28. International Geographical Union Working Group
500 _aInternation geographical Union working group.
650 _aRegional Economics
700 _a Singh Rana P B
_9131596
942 _hX:89K.2.N7, L8
_cGB
_2CC
999 _c658198
_d658198